| 000 | 00746nam a2200217 a 4500 | ||
|---|---|---|---|
| 005 | 20210223121601.0 | ||
| 008 | 991125s1996 bar 000 0 spa u | ||
| 020 | _a8487330428 | ||
| 035 | _aUPN01000020336 | ||
| 049 | _aCG | ||
| 050 | 4 |
_aGV711.5 _bE57 |
|
| 245 | 0 | 0 |
_aEntrenamiento de fuerza y explosividad para la actividad física y el deporte de competición / _cVicente Ortiz Cervera... [et al.] |
| 260 |
_aBarcelona (Esp.) : _bINDE, _c1996. |
||
| 300 |
_a397 p. : _bil. |
||
| 440 | 0 | _ainiciativa deportivas | |
| 650 | 4 |
_aAPTITUD FISICA - _xASPECTOS FISIOLOGICOS _97623 |
|
| 650 | 4 |
_aEDUCACION FISICA - _xESTUDIO Y ENSEÑANZA - _zESPAÑA _917135 |
|
| 650 | 4 | _aFUERZA MUSCULAR | |
| 700 | 1 |
_aOrtiz Cervera, Vicente, _ecoaut. |
|
| 905 | _aLibro | ||
| 999 |
_c20336 _d20336 |
||